Famous Married Couples II Quiz Stats

 Plays Quiz Updated Dec 31, 2018

Support Sporcle.
Go Orange.
Score 0/15 Timer 05:00
6 Plays Today
Husband Wife % Correct
Jay-ZBeyoncé
91%
Will SmithJada Pinkett Smith
89%
Pete WentzAshlee Simpson
67.4%
Freddie Prinze, Jr.Sarah Michelle Gellar
66.7%
Cash WarrenJessica Alba
41.5%
Ryan ReynoldsBlake Lively
40.6%
Warren BeattyAnnette Bening
32.8%
Garth BrooksTrisha Yearwood
30.9%
Husband Wife % Correct
Dean McDermottTori Spelling
30%
Jerry O'ConnellRebecca Romijn
28.1%
Nick CannonMariah Carey
24.5%
Jordan BratmanChristina Aguilera
24.3%
Josh KelleyKatherine Heigl
23.6%
Paul BettanyJennifer Connelly
20.5%
Ellen DeGeneresPortia de Rossi
20.4%

From the Vault

Countries in Space

by PumpkinBomb

For some space is the final frontier, for others well they've been there since the 60s.
Remove Ads.
Support Sporcle.
Get the best of Sporcle when you Go Orange. This ad-free experience offers more features, more stats, and more fun while also helping to support Sporcle. Thank you for becoming a member.

Show Comments

Extras

Top Quizzes Today


Score Distribution

Your Account Isn't Verified!

In order to create a playlist on Sporcle, you need to verify the email address you used during registration. Go to your Sporcle Settings to finish the process.

Report this User

Report this user for behavior that violates our Community Guidelines.

Details: